AH International Schools' Libraries

Red Rackham's Treasure / (Record no. 49864)

MARC details
000 -LEADER
fixed length control field 00285nam a2200109 4500
020 ## - INTERNATIONAL STANDARD BOOK NUMBER
International Standard Book Number 9781405206235
245 ## - TITLE STATEMENT
Title Red Rackham's Treasure /
Statement of responsibility, etc Herge.
260 ## - PUBLICATION, DISTRIBUTION, ETC. (IMPRINT)
Place of publication, distribution, etc London:
Name of publisher, distributor, etc Egmont;
Date of publication, distribution, etc 2012.
300 ## - PHYSICAL DESCRIPTION
Extent 62 p.
Other physical details col. ill.
Dimensions 29 cm.
490 ## - SERIES STATEMENT
Series statement The adventures of Tintin;
942 ## - ADDED ENTRY ELEMENTS (KOHA)
Source of classification or shelving scheme
Koha item type Book
Holdings
Withdrawn status Lost status Source of classification or shelving scheme Damaged status Not for loan Collection code Home library Current library Shelving location Date acquired Total Checkouts Full call number Barcode Date last seen Date checked out Price effective from Koha item type
          SECONDARY Asian Hope Secondary Library Asian Hope Secondary Library SECONDARY 12/05/2025 1 J GRAPHIX HER 208594 04/07/2026 03/31/2026 12/05/2025 Book

For any Logos Library related questions please contact Miss Art at swongnarasuk@asianhope.org.

For any Asian Hope Library related questions please contact Miss Raza at graza@asianhope.org.

Powered by Koha